Mitä yhteistä on näillä valtioilla? - Statistics

Yleistilastot
  • Tätä visaa on pelattu 68 kertaa
    61 viimeisimmän päivityksen jälkeen
  • Keskiarvotulos 2 / 6
Vastaustilastot
Maat Yhdistävä tekijä % Oikein
Islanti, Malta, Kypros Saarivaltioita
100%
Indonesia, Monaco, Puola Punavalkoraidalliset liput
46%
Burundi, Komorit, Kap Verde Pieniä Afrikan valtioita
30%
Venäjä, Etelä-Afrikka, Brasilia BRICS-maita
16%
Peru, Kongon tasavalta, Indonesia Maita joissa on paljon sademetsää | Maita päiväntasaajalla
12%
Mali, Yhdistynyt kuningaskunta, Marokko Maita 0-leveyspiirillä | Aikavyöhyke 0
8%
Ehtoja vastaavia visoja ei löytynyt
Tulosjakauma
Jokaisen tuloksen saaneiden osuus
Persentiili vastausten määrän mukaan
Tuloshistoriasi
Et ole pelannut tätä visaa sen viimeisimmän päivityksen jälkeen